| 000 | 00780cam a22002653a 4500 | ||
|---|---|---|---|
| 001 | 21903 | ||
| 003 | PGUSA | ||
| 005 | 20140828083451.0 | ||
| 008 | 070622s2007||||xxu|||||s|||||000 1 eng d | ||
| 040 |
_aPGUSA _beng |
||
| 042 | _adc | ||
| 050 | 4 | _aPS | |
| 100 | 1 |
_aAtherton, Gertrude Franklin Horn, _d1857-1948 |
|
| 245 | 1 | 4 |
_aThe Californians _h[electronic resource] / _cGertrude Franklin Horn Atherton |
| 260 |
_bProject Gutenberg, _c2007 |
||
| 506 | _aPublic domain in the USA. | ||
| 516 | _aElectronic text | ||
| 653 | _aCalifornia -- Fiction | ||
| 653 | _aUpper class -- Fiction | ||
| 653 | _aSan Francisco (Calif.) -- Fiction | ||
| 653 | _aWestern stories | ||
| 830 | 0 |
_aProject Gutenberg _v21903 |
|
| 856 | 4 | 0 | _uhttp://www.gutenberg.org/ebooks/21903 |
| 942 | _cEB | ||
| 999 |
_c251158 _d251158 |
||